| 000 | 00574nam a22001937a 4500 | ||
|---|---|---|---|
| 999 |
_c16570 _d16570 |
||
| 003 | AR-CdUCM | ||
| 008 | 190503b ||||| |||| 00| 0 spa d | ||
| 020 | _a84-7290-023-1 | ||
| 040 |
_aMUNICIPALIDAD PROVINCIAL DEL CUSCO _cBIBLIOTECA MUNICIPAL DEL CUSCO |
||
| 082 |
_a301.03 / _bD73 |
||
| 245 | _aDiccionario de antropología / | ||
| 260 |
_aBarcelona : _bBellaterra, _c1980. |
||
| 300 |
_a197 paginas ; _c21 cm. |
||
| 505 | _aContenido : Diccionario | ||
| 650 |
_aDiccionario _95196 |
||
| 650 |
_aAntropología _9878 |
||
| 942 |
_2ddc _cLIBROS |
||
| 945 |
_awnts _d2019-05-3 |
||